Guess the European City by Picture #5 - Statistics

General Stats
  • This quiz has been taken 27 times
  • The average score is 7 of 16
Answer Stats
Picture Hint Answer % Correct
Central Italy Vatican
84%
Luxemburg Luxemburg
80%
Romania Bucharest
76%
Slovenia Ljubljana
68%
Albania Tirana
60%
Central Italy San Marino
56%
Lithuania Kaunas
44%
Finland Oulu
40%
Spain Toledo
36%
Faroe islands(Denmark) Torshavn
36%
Latvia Daugavpils
24%
Greece Ioannina/Giannena
20%
Greece Patras
20%
Sweden Upsala/Uppsala
20%
Russia Novosibirsk
16%
Belgium Atwerp
0%
No matching quizzes found
Score Distribution
Percent of People with Each Score
Percentile by Number Answered
Your Score History
You have not taken this quiz